Uppsala Bus Stops - Statistics

General Stats
  • This quiz has been taken 25 times
  • The average score is 149 of 438
Answer Stats
Hint Answer % Correct
3 | 4 | 5 | +6 others Centralstationen
100%
1 | 5 Ekonomikum
90%
1 | 4 | 13 Gränbystaden
90%
1 | 2 | 7 | 11 Slottsbacken
90%
5 | 6 | 8 | +2 others Vaksalagatan
90%
2 | 3 | 4 | 7 Vaksala torg
90%
3 | 4 | 8 | 13 Bäverns gränd
80%
1 | 6 Kyrkogårdsgatan
80%
4 | 12 SVA
80%
3 | 4 | 8 Svandammen
80%
2 | 7 | 11 Trädgårdsgatan
80%
3 | 4 | 8 Akademiska sjukhuset
70%
10 Coop/IKEA
70%
2 | 7 | 11 Dragarbrunn
70%
1 | 10 Fyrishov
70%
1 | 2 Portalgatan
70%
1 | 3 | 4 | +3 others Regementsvägen
70%
1 | 3 | 11 Rosendals torg
70%
6 | 9 Saluhallen
70%
5 | 8 | 10 Skolgatan
70%
6 | 9 Stadsbiblioteket
70%
1 | 3 | 11 Talltorget
70%
1 | 3 | 4 | +3 others Uppsala Science Park
70%
3 | 4 | 8 Akademiska sjukhuset södra
60%
1 Auroragatan
60%
1 Dalgatan
60%
1 | 2 Djäknegatan
60%
1 | 10 Klockarängen
60%
1 | 9 Mimmi Ekholms plats
60%
4 | 12 Polacksbacken
60%
2 | 7 | 12 Sommarro
60%
8 | 10 Svartbäckens vårdcentral
60%
1 | 11 | 12 | 13 Akademiska sjukhuset västra
50%
2 | 7 | 12 Blåsenhus
50%
1 | 3 | 13 Bureusgatan
50%
2 | 7 | 12 Evolutionsmuseet
50%
1 | 3 Fredrika Bremersgatan
50%
3 | 13 Kvarntorget
50%
1 | 3 Levertinsgatan
50%
1 Nyby köpcentrum
50%
1 Rosendals skola
50%
5 | 9 Samariterhemmet
50%
1 | 10 Seminariegatan
50%
8 | 14 Sunnerstabacken
50%
2 | 3 | 13 Väderkvarnsgatan
50%
7 Apelgatan
40%
1 | 7 Årsta torg
40%
6 | 12 Ekebyhus
40%
5 | 6 | 12 Flogsta Centrum
40%
3 | 4 | 7 | +2 others Gottsunda torg
40%
2 Heidenstamstorg
40%
2 Kantorsgatan
40%
6 | 10 Klostergatan
40%
4 | 13 Molngatan
40%
4 Österängsgatan norra
40%
6 | 10 | 11 Roslagsgatan
40%
6 | 12 Sernanders väg
40%
10 Stålgatan
40%
5 | 12 Stenhagens Centrum
40%
5 | 9 Strandbodgatan
40%
7 Svamptorget
40%
2 Valhalls väg
40%
1 | 3 Almqvistgatan
30%
7 Bandstolsvägen
30%
2 | 7 | 12 Birkagatan
30%
1 Bolandsgatan
30%
2 Bror Hjorths hus
30%
7 | 12 Bror Hjorths Hus
30%
7 Byggmästargatan
30%
5 | 14 Daneport
30%
2 Ferlinsgatan
30%
1 | 10 Gimogatan
30%
5 Götgatan
30%
5 | 14 Gotlandsresan
30%
2 Håga gård
30%
5 Hildur Ottelinsgatan
30%
2 Huges väg
30%
6 | 13 Jordgubbsgatan
30%
6 | 13 Körvelgatan
30%
6 | 13 Kummingatan
30%
5 | 9 Kungsängsesplanaden
30%
6 Kungsgärdets vårdcentral
30%
2 Kungshögarna
30%
1 | 4 | 12 Lundellska skolan
30%
6 Nordengatan
30%
9 Norrlandsgatan
30%
9 Odensgatan
30%
7 Österängsgatan södra
30%
1 | 11 | 12 Segerstedthuset
30%
9 Stabby prästgård
30%
1 Stångjärnsgatan
30%
9 Sverkerskolan
30%
1 Takpannegatan
30%
6 | 13 Tartugatan
30%
2 Topeliusgatan
30%
4 Torkelsgatan norra
30%
7 Torkelsgatan södra
30%
11 Uppsala Business Park norra
30%
11 Uppsala Business Park östra
30%
7 | 11 Uppsala Business Park västra
30%
2 | 12 | 13 Västertorg
30%
13 Akademiska ingång 10
20%
13 Akademiska ingång 30-50
20%
1 | 7 | 13 Årstagården
20%
7 August Södermans väg
20%
1 | 7 Axel Johanssons gata
20%
4 | 14 Bäcklösa torg
20%
7 Björkgatan
20%
10 Bolandcity
20%
6 Bolandsparken
20%
3 Bröderna Berwalds väg
20%
13 Byggmästarparken
20%
4 | 12 Campus Ultuna
20%
3 Cellovägen
20%
11 Depå Fyrislund
20%
4 | 12 Ekudden
20%
4 | 12 Emmy Rappes väg
20%
8 | 11 Entitparken
20%
13 Fältspatsvägen
20%
7 Fiolbacken
20%
3 Flöjtvägen
20%
5 | 12 Gatstenen
20%
2 | 12 | 13 Glimmervägen
20%
7 Gottsundaskolan
20%
4 | 13 Gränbyvägen
20%
2 Hågavägen
20%
9 Hällbygatan
20%
6 Hamberg
20%
8 Hammarby kyrkogård
20%
1 | 7 Hanselligatan
20%
8 | 14 Holmvägen
20%
6 Ihres väg
20%
4 | 12 Kronparksgården
20%
5 | 9 | 10 Kuggebro
20%
1 Kungshörnet
20%
1 | 3 Lagerlöfsgatan
20%
8 | 11 Långvägen
20%
5 | 14 Lapplandsresan
20%
7 Lindsbergsgatan
20%
3 | 4 | 14 Linrepevägen
20%
11 Martallsvägen
20%
13 Mistelgatan
20%
6 Mistelgatan södra
20%
7 | 11 Möllersvärdsgatan
20%
14 Nåntuna vägskäl
20%
5 | 14 Ölandsresan
20%
11 Orkestervägen
20%
5 | 9 Östra Vindbrovägen
20%
2 Regins väg
20%
5 Rickomberga
20%
6 | 12 Säves väg
20%
14 Skåneresan
20%
8 Sköldungagatan
20%
3 | 11 Slädvägen
20%
10 Sofielundsgatan
20%
1 Stålgatan södra
20%
12 Stenhagens IP
20%
5 | 12 Stenröset
20%
5 Studentstaden
20%
8 | 11 Svankärrsvägen
20%
2 | 7 | 12 Täljstenen
20%
13 Täljstensvägen
20%
3 | 11 Tallbacksvägen
20%
4 | 13 Tövädersgatan
20%
8 | 11 Trasthagen
20%
8 Ulleråker norra
20%
4 | 8 | 14 Ultunaallén
20%
3 Vackra Birgers väg
20%
3 Valsätraskolan
20%
2 Värnlundsgatan
20%
5 | 9 Vimpelgatan
20%
9 Wallingatan
20%
13 Akademiska ingång 60-70
10%
12 Arrheniusplan
10%
13 Årstagatan
10%
13 Artillerigatan
10%
9 Backmovägen
10%
8 Bärbygatan
10%
8 Bärbyparken
10%
3 Barkspadevägen
10%
10 Bergsbrunnagatan
10%
7 Björklundavägen
10%
9 | 14 Bonadsvägen
10%
9 Börjegatan
10%
11 Danmarksgatan
10%
11 Djurgårdsvägen
10%
13 Döbelnsgatan
10%
13 Ekeby bruk
10%
8 | 14 Ekolnsvägen norra
10%
13 Eriksbergsvägen
10%
8 Flottörgatan
10%
8 Garnisonen
10%
8 Genetikvägen
10%
13 Gnejsplan
10%
2 | 12 | 13 Gnejsvägen
10%
11 Gottsundavägen
10%
11 Granebergsparken
10%
11 Granelidsvägen
10%
7 Gröna gatan
10%
9 | 14 Handarbetsvägen
10%
14 Havrevägen
10%
5 | 12 Hedensbergsvägen
10%
14 Herrgårdsvägen
10%
5 Herrhagens byväg
10%
6 Hjortrongatan
10%
7 Jenny Linds väg
10%
13 Johannesbäcksgatan
10%
11 Källbovägen
10%
4 Kamomillgatan
10%
10 Kardvägen
10%
5 Kiselvägen
10%
6 Klarbärsvägen
10%
7 Kvickstensvägen
10%
4 | 12 Lägerhyddsvägen
10%
8 | 14 Lärkvägen
10%
13 Lästmakargatan
10%
10 Librobäck
10%
13 Liljefors torg
10%
2 | 12 Lindsbergsgatan
10%
14 Lugnet
10%
11 Lurbo bro
10%
1 Marknadsgatan
10%
10 Märstaplan
10%
8 | 11 Morkullevägen
10%
5 | 10 Nämndemansvägen
10%
14 Nåntuna Backe
10%
10 Nåntunaparken
10%
12 Naturstensvägen
10%
7 Norra Parkvägen
10%
9 Nyckelaxet
10%
11 Nymansgatan
10%
11 Säbyvägen
10%
9 Sävja kyrka
10%
10 Skebogatan
10%
11 Slånvägen
10%
13 Slöjdgatan
10%
5 Smålandsvägen
10%
7 Södra Parkvägen
10%
6 Södra Slavstavägen
10%
3 Solistvägen
10%
7 Spinnrocksvägen
10%
5 Stenhagenskolan
10%
5 | 12 Stenhällen
10%
13 S:t Olofsgatan
10%
13 S:t Persgatan
10%
1 Svärdsliljegatan
10%
4 Timjansgatan
10%
8 Torbjörnsgatan
10%
11 Vårdsätravik
10%
10 Vävstolsvägen
10%
13 Verkmästargatan
10%
4 | 12 Veterinärvägen
10%
11 Björkgatan södra
0%
13 Brantingsskolan
0%
13 Brantingstorget
0%
9 Fiskgjusevägen
0%
8 Fjärdhundragatan
0%
11 Gullvivevägen
0%
10 Hällnäsgatan
0%
9 Hultvägen
0%
9 Källarbäcksvägen
0%
13 Källparksgatan
0%
10 Kungsporten
0%
11 Lyssnavägen
0%
7 Malma Bergsväg
0%
13 Norra Rudbecksgatan
0%
11 Rapsgatan norra
0%
9 Rörbäcksvägen
0%
13 Skomakargatan
0%
10 Söderforsgatan
0%
6 Solrosgatan
0%
4 Universitetssjukhuset
0%
10 Verkstadsvägen
0%
10 Villingegatan
0%
No matching quizzes found
Score Distribution
Percent of People with Each Score
Percentile by Number Answered
Your Score History
You have not taken this quiz